| 000 | 01501cam a2200397 i 4500 | ||
|---|---|---|---|
| 999 |
_c200429518 _d47442 |
||
| 001 | 200429518 | ||
| 003 | TR-AnTOB | ||
| 005 | 20240429160045.0 | ||
| 006 | m m | ||
| 007 | ta | ||
| 008 | 990129s1999 njua 001 0 eng d | ||
| 010 | _a98010502 | ||
| 020 | _a0139215034 | ||
| 020 | _a0139266356 (CD-ROM) | ||
| 035 | _a(TR-AnTOB)200429518 | ||
| 040 |
_aDLC _beng _erda _cDLC _dBGZ _dTR-AnTOB |
||
| 041 | 0 | _aeng | |
| 050 | 0 | 0 |
_aHD31 _b.R5647 1999 |
| 090 |
_aHD31 _b.R5647 1999 |
||
| 100 | 1 |
_aRobbins, Stephen P., _d1943- _eauthor _91519 |
|
| 245 | 1 | 0 |
_aManagement / _cStephen P. Robbins, Mary Coulter. |
| 250 | _aSixth edition | ||
| 264 | 1 |
_aUpper Saddle River, N.J. : _bPrentice Hall, _c1999. |
|
| 300 |
_a1 volumes (various pagings) : _billustrations (some color) ; _c27 cm + _e1 computer laser optical disc (4 3/4 in.) |
||
| 336 |
_atext _btxt _2rdacontent |
||
| 337 |
_aunmediated _bn _2rdamedia |
||
| 337 |
_acomputer _2rdamedia |
||
| 338 |
_avolume _bnc _2rdacarrier |
||
| 338 |
_acomputer disc _2rdacarrier |
||
| 538 | _aSystem requirements: Macintosh 7.1.2 or later, 8 MB RAM, 12.5 MB available hard-disk drive, 4x CD-ROM drive, 256 color monitor; Windows 95 and NT, Pentium processor-baced PC, 16 MB RAM (24 for Windows NT), 12 MB available hard-disk space, 4x CD-ROM drive, 256 color monitor. | ||
| 590 | _aDonated by Demet Varoğlu | ||
| 650 | 0 |
_aManagement _9507 |
|
| 700 | 1 |
_aCoulter, Mary K. _eauthor _91162 |
|
| 942 |
_2lcc _cMX |
||